000 00376nam a22001697a 4500
005 20160511152619.0
008 160511b xxu||||| |||| 00| 0 eng d
020 _a0-571-21619-6
041 _aeng
082 _b1317
100 _aCarey peter
_9472
245 _aMy life asa take
260 _bRendom House
_c2003
300 _a265
650 _aManagement
_9241
942 _cBK
999 _c580
_d580